Hairy Potter Quiz Stats

 Plays Quiz Updated Jul 31, 2014

Support Sporcle.
Go Orange.
Score 0/30 Timer 07:00
0 Plays Today
Number Character % Correct
Percy Ignatius Weasley
94.5%
Rita Skeeter
88%
Professor Dolores Jane Umbridge
88%
Argus Filch
87.8%
Fleur Delacour
87.2%
Moaning Myrtle
86.6%
Professor Gilderoy Lockhart
85%
Lily [Evans] Potter
84.8%
Padma and Parvati Patil
82.4%
Crookshanks
81.6%
Dean Thomas
81.5%
Nearly Headless Nick
81.1%
Nymphadora Tonks
80.4%
The Fat Lady
80%
Madam Rolanda Hooch
78%
Number Character % Correct
Madam Poppy Pomfrey
78%
Lavender Brown
77.8%
Bartemius 'Barty' Crouch Jr
76.1%
Aragog
75.8%
Seamus Finnigan
72.7%
Angelina Johnson
71.5%
Mr. Ollivander
71.3%
Lee Jordan
69.2%
Colin Creevey
69%
James Potter
68.7%
Olympe Maxime
68.2%
Professor Pomona Sprout
67.6%
Professor Horace E. F. Slughorn
66.9%
Cornelius Oswald Fudge
65.4%
Professor Igor Karkaroff
60.3%

You're not logged in!

Compare scores with friends on all Sporcle quizzes.
OR
Log In

From the Vault

Phoebe Buffay Quotes

by THEJMAN

Who's Phoebe, we only know Princess Consuela Bananahammock.
Remove Ads.
Support Sporcle.
Get the best of Sporcle when you Go Orange. This ad-free experience offers more features, more stats, and more fun while also helping to support Sporcle. Thank you for becoming a member.

Show Comments

Extras

Top Quizzes Today


Score Distribution

Your Account Isn't Verified!

In order to create a playlist on Sporcle, you need to verify the email address you used during registration. Go to your Sporcle Settings to finish the process.

Report this User

Report this user for behavior that violates our Community Guidelines.

Details: